000
00296nam a22001337a 4500
008
170606b xxu||||| |||| 00| 0 eng d
020
_a
9780742519909
041
_a
eng
080
_a
323
100
_a
18
101
_a
shh
245
_a
GLOBALIZATION AND RESISTANCE
_c
SMITH, J
942
_2
udc
_c
BK
999
_c
16125
_d
16125